000
00344nam a2200157Ia 4500
003
Ost
005
20260225132551.0
008
260225s9999||||xx |||||||||||||| ||und||
040
_c
fsic
041
_a
fre
082
_a
306.44
100
_a
Dichter
_e
Auteur
245
0
_a
Communication et motivation /
245
0
_c
Dichter
942
_c
كتاب
999
_c
34166
_d
34166